MARC

LEADER 00000nam0a2200000 4500
001 67636
005 20231031073721.0
035 |a (RuTPU)RU\TPU\book\72018 
090 |a 67636 
100 |a 20040918d1967 km y0rusy50 ca 
101 0 |a rus 
102 |a RU 
105 |a ab z 011zy 
200 1 |a Основы теории полёта и элементы проектирования искусственных спутников Земли  |f М. К. Тихонравов, И. М. Яцунский, Г. Ю. Максимов и др.  |g под ред. М. К. Тихонравова 
210 |a Москва  |c Машиностроение  |d 1967 
215 |a 295 с.  |c ил. 
320 |a Библиогр.: с. 291-293. 
610 1 |a космические аппараты 
610 1 |a спутники 
610 1 |a искусственные спутники 
610 1 |a Земля 
610 1 |a движение 
610 1 |a полеты 
610 1 |a теория 
610 1 |a проектирование 
675 |a 629.195  |v 3 
701 1 |a Тихонравов  |b М. К.  |g Михаил Клавдиевич 
701 1 |a Яцунский  |b И. М.  |g Игорь Марианович 
701 1 |a Максимов  |b Г. Ю.  |g Глеб Юрьевич 
701 1 |a Бажинов  |b И. К.  |g Игорь Константинович 
701 1 |a Гурко  |b О. В.  |g Олег Викторович 
702 1 |a Тихонравов  |b М. К.  |g Михаил Клавдиевич  |4 340 
801 1 |a RU  |b 63413507  |c 20040918  |g PSBO 
801 2 |a RU  |b 63413507  |c 20160407  |g PSBO 
942 |c BK